书目信息 |
| 题名: |
第三次国内革命战争大事月表
|
|
| 作者: | ;人民出版社编辑部 编 | |
| 分册: | ||
| 出版信息: | 北京 人民出版社 1983 |
|
| 页数: | 87页 | |
| 开本: | 19cm | |
| 丛书名: | ||
| 单 册: | ||
| 中图分类: | K266.05 , K266 | |
| 科图分类: | ||
| 主题词: | 第三次国内革命战争--大事记 , 中国--历史 | |
| 电子资源: | ||
| ISBN: | ||
| 000 | 00791nam0 2200265 45 | |
| 001 | 0183003731 | |
| 005 | 20040518084430.2 | |
| 010 | @dCNY0.26 | |
| 091 | @a11001.185 | |
| 100 | @a19950704d1983 em y0chiy0121 ea | |
| 101 | 0 | @achi |
| 102 | @aCN@b110000 | |
| 105 | @ay z 000yy | |
| 106 | @ar | |
| 200 | 10 | @a第三次国内革命战争大事月表@Adi san ci guo nei ge ming zhan zheng da shi yue biao@e一九四五年七月至一九四九年十月@f人民出版社编辑部编 |
| 210 | @a北京@c人民出版社@d1983 | |
| 215 | @a87页@d19cm | |
| 606 | @a第三次国内革命战争@x大事记 | |
| 606 | 0 | @a中国@x历史 |
| 690 | @aK266.05@v3 | |
| 690 | @aK266 | |
| 711 | 02 | @a人民出版社编辑部@Aren min chu ban she bian ji bu@4编 |
| 801 | 0 | @aCN@b上海图书馆@c20040518 |
| 801 | 2 | @aCN@bNLC@c20040518 |
| 905 | @f2@b98500-501@dK266@e7 | |
| 第三次国内革命战争大事月表:一九四五年七月至一九四九年十月/人民出版社编辑部编.-北京:人民出版社,1983 |
| 87页;19cm |
| ISBN :CNY0.26 |
| ● |
| 相关链接 |
|
|
|
|
正题名:第三次国内革命战争大事月表
索取号:K266/7
 
预约/预借
| 序号 | 登录号 | 条形码 | 馆藏地/架位号 | 状态 | 备注 |
| 1 | 0098500 | 000353860 | 密集书库/ [索取号:K266/7] | 在馆 | |
| 2 | 0098501 | 000353904 | 第二借阅区/ [索取号:K266/7] | 在馆 | |
| 3 | 0098502 | 000353897 | 第二样本阅览室/ [索取号:K266/7] | 在馆 |